000 00725nam a22002057a 4500
999 _c7716
_d7716
003 AR-CdUCM
008 190321b ||||| |||| 00| 0 spa d
040 _aMUNICIPALIDAD PROVINCIAL DEL CUSCO
_cBIBLIOTECA MUNICIPAL DEL CUSCO
082 _a985 /
_bI5
245 _aInforme del Perú /
246 _aJunín /
260 _aLima :
_bPromotora editorial Latinoamericana,
_c1974.
300 _a144 páginas ;
_c21 cm.
500 _aDonación de la familia Nieto. Volumen 2: edición conmemorativa por el sesquicentenario de la batalla de Junín.
505 _aContenido: Volumen 2: Junín.
650 _aDepartamentos del Perú
_921800
650 _aGeografía - Historia
_921801
942 _2ddc
_cLIBROS
945 _alccs